Diagnostics reliability of machines and manufacturing systems

Údržbové procesy vo výrobnom podniku. Typy porúch vo výrobných stojoch. Klasifikácia technickej diagnostiky.

Na minha lista:
Detalhes bibliográficos
Autor principal: Daneshjo, Naqibullah, 1964-
Outros Autores: Kravec, Michal, 1986-, Beke, Pavol
Formato: Capítulo de Livro
Idioma:inglês
Assuntos:
Tags: Adicionar Tag
Sem tags, seja o primeiro a adicionar uma tag!

MARC

LEADER 00000naa$a2200000$$$4500
001 0214634
005 20240502083539.2
041 0 |a eng 
044 |a GB 
245 1 0 |a Diagnostics reliability of machines and manufacturing systems  |c Naqibullah Daneshjo, Michal Kravec, Pavol Beke 
520 |a Údržbové procesy vo výrobnom podniku. Typy porúch vo výrobných stojoch. Klasifikácia technickej diagnostiky. 
610 2 0 |a modely údržby 
610 2 0 |a plán údržby 
610 2 0 |a automatizácia 
610 2 0 |a diagnostika podniková 
610 2 0 |a stroje 
100 1 |a Daneshjo, Naqibullah, 1964- 
700 1 |a Kravec, Michal, 1986- 
700 1 |a Beke, Pavol